| 000 | 00674nam a22002057a 4500 | ||
|---|---|---|---|
| 999 |
_c12600 _d12600 |
||
| 003 | AR-CdUCM | ||
| 008 | 190409b ||||| |||| 00| 0 spa d | ||
| 040 |
_aMUNICIPALIDAD PROVINCIAL DEL CUSCO _cBIBLIOTECA MUNICIPAL DEL CUSCO |
||
| 082 |
_a980 / _bR74 /1937 |
||
| 100 |
_aRokha, Pablo De _930519 |
||
| 245 | _aGran temperatura / | ||
| 260 |
_aSantiago : _bErcilla, _c1937. |
||
| 300 |
_a50 páginas ; _c29 cm. |
||
| 505 | _aContenido : Obsesión de matrimonio provinciano -- Alegoría del tormento -- Canción de adiós ... | ||
| 650 |
_aHistoria _9136 |
||
| 650 |
_aEnsayo _9274 |
||
| 650 |
_aAmérica del sur _9742 |
||
| 942 |
_2ddc _cLIBROS |
||
| 945 |
_arah _d090/04/2019 |
||